| 000 | 00444nam a2200145 i 4500 | ||
|---|---|---|---|
| 001 | 83345 | ||
| 003 | ES-MaACL | ||
| 005 | 20230906174819.0 | ||
| 007 | t| | ||
| 008 | 041116s1977 sp ||||1| spa d | ||
| 245 | 0 | 0 |
_aSalarios _b: tercer trimestre de 1976 : empresas con diez o más empleados / _cInstituto Nacional de Estadística. |
| 260 |
_a[Madrid : _bs.n., _c1977] |
||
| 300 |
_aXI, 73 p. ; _c24 cm. |
||
| 852 |
_aES-MaACL _jA-6682 _bR.95921 |
||
| 999 |
_c83345 _d83345 |
||